| 000 | 00860nam a22002177a 4500 | ||
|---|---|---|---|
| 005 | 2010072609109.0 | ||
| 010 | _aENG-96929 | ||
| 020 |
_a9788132101475 _c450.00 |
||
| 035 | _aEN-80462 | ||
| 037 | _bDBAD/PUB | ||
| 082 | _a320.6 | ||
| 245 |
_aCreating adaptive policies : _ba guide for policy-making in an uncertain world / _cedited by Darren Swanson [and] Suruchi Bhadwal |
||
| 260 |
_aNew Delhi _bSAGE Publications India _c2009 |
||
| 270 |
_aB1/I-1 Mohan Cooperativ Industrial Area Mathura Road, _bNew Delhi _e110044 |
||
| 300 |
_avi, 168 p. _c23cm (Hb) |
||
| 500 | _aIncludes index | ||
| 700 |
_aSwanson, Darren _91490 |
||
| 700 |
_aBhadwal, Suruchi _91506 |
||
| 942 |
_2ddc _cEN _h320.6 _mCRE |
||
| 999 |
_c37740 _d37740 |
||